| 000 | 02815nam a2200337Ia 4500 | ||
|---|---|---|---|
| 005 | 20190611141937.0 | ||
| 008 | 130821s1494 it a fr mulsd | ||
| 040 |
_aCo-BoUCM _bspa _cSandra Yazo _dSandra Yazo |
||
| 041 | 0 |
_alat _agre |
|
| 082 | 0 | 4 |
_a937 _220 |
| 092 | _aE22N028 | ||
| 242 | 0 | 0 |
_aSiete libros de Comentarios sobre la Guerra de las Galias. _bTres libros de comentarios sobre la Guerra Civil. _pLibro Cuarto de comentarios sobre la Guerra de Alejandría. Libro Quinto de comentarios sobre la guerra de África. Libro Sexto de comentarios sobre la guerra en España de Aulo Hircio _yspa |
| 245 | 0 | 0 |
_aCommentariorum de Bello Gallico Libri VII. _bDe Bello Civili Libri III. _pCommentariorum A. Hirtii Autopii. De Bello Alexandrino liber quartus. De Bello Africo. Liber quintus. De Bello Hispaniensi Liber sextus |
| 260 |
_aVenetiis [Venecia] (Italia) _bper Philippum de Pinciis Mantuanum [por Felipe Pinzzi Impresor natural de Mantua] _c1494 |
||
| 300 |
_a[133] folios _bilustraciones |
||
| 500 | _aDetalles físicos: Actualmente encuadernación rígida en cartón forrado en cuero. Tapas y lomo con decoración en dorado. Lomo con nervadura sobre costura. Texto impreso en una sola columna, en letra romana. Mayúsculas capitales decoradas. Apostillas marginales, glosas y comentarios manuscritos. Hojas refiladas, evidente pérdida de las glosas. Con colofón. Signaturas. Registro. Al final un grabado pintado. En primera página título indica Commentarius Caesaris, al inicio del texto indica otro título: Liber primus Civilii caesaris commentariorum de bello Gallico liber primus, también hay una mayúscula capital impreso en tinta roja. Intervención de restaruración por John Jairo Martínez (6 junio de 2019) | ||
| 500 | _aDatos de públicación tomados del colofón | ||
| 500 | _aIncunable | ||
| 505 | 0 | _aComentarios de C. Julio César sobre las Guerras de las Galias en siete libros y la Guerra Civil en tres libros. -- Comentarios de Aulo Hircio ; Comentarios a la Guerra de Alejandría (Libro IV) ; Comentarios a la Guerra de África (Libro V) ; Comentarios Sobre la guerra de España (Libro VI) -- Un índice final con elementos históricos y geográficos sobre los lugares citados en las obras anteriores | |
| 506 | _aConsulta en sala | ||
| 546 | _aTexto en latín y griego | ||
| 650 | 7 |
_aHistoriografía _xHistoria _zRoma _97698 |
|
| 651 | 4 |
_aGalia (Italia) _xHistoria _y58-51 a.C. _961338 |
|
| 651 | 4 |
_aRoma (Italia) _xHistoria _926698 |
|
| 690 |
_aHistoria de Europa _926509 |
||
| 700 | 1 |
_aCésar, Cayo Julio _d100?-44 a. de J. C. _961339 |
|
| 700 | 1 |
_aHirtius, Aulus _961340 |
|
| 730 | 0 | 2 |
_aCaii Iulii Caesaris Commentariorum _961341 |
| 856 | 4 | 1 |
_zDisponible en línea _uhttp://repository.urosario.edu.co/handle/10336/5135 |
| 942 |
_cLIBRO _a21 _e1 _2LOCAL _hE22N028 |
||
| 999 |
_c38583 _d38583 |
||